000 00739nam a2200241Ia 4500
005 20260429111902.0
008 260429s9999||||xx |||||||||||||| ||und||
020 _a9789353949518
041 _aEnglish
082 _a005.13
_bDEI
100 _aDeitel, Paul
245 0 _aIntro to python for computer science and data science :
_blearning to program with AI, big data and the cloud /
_cPaul Deitel
260 _aNoida :
_bPearson India,
_c2022.
300 _axliii, 831 p.; pbk
650 _a Artificial intelligence
650 _a Big data
650 _a Cloud computing
650 _a Computer science
650 _a Data science
650 _aPython (Computer program language)
700 _a Deitel, Harvey
942 _cTB
999 _c51274
_d51274